1911 1135 1253 1544 1128 1746 1833 1393 1748 1234 1543 1145 1301 1458 1842 1093 1962 1026 1995 1874 1538 1165 1490 1503 1524 1354 1980 1055 1581 1079 1371 1174 1401 1547 1771 1519 1039 1679 1243 1768 1919 1835 1620 1178 1404 1624 1430 1106 2000 1226 1074 1078 1430 1644 1939 1441 1533 1755 1166 1355 1191 1345 1778 1452 1105 1547 1424 1293 1382 1529 1348 1178 1246 1034 1866 1984 1368 1678 1780 1924 1810 1063 1095 1088 1294 1800 1588 1524 1910 1247 1948 1833 1558 1462 1641 1221 1855 1684 1642 BCNSPRNW ULIB Ver.6.0+V

เปลี่ยนเป็นภาษาไทย

Change to English
 แสดงรายละเอียดบรรณานุกรม
  กลับหน้าหลัก

Brief Record : Get Marc (ISO 2709) : E-mail record : QR code < ปิดหน้าต่าง
LEADER : 00000nam 2200000uu 4500
001    13399128578
003     ULIB
008    230912s2565||||th 000 0 tha d
020    ^a9789740338819
060  4 ^aWY85^bก125จ
100 0  ^aกนกวรรณ ฉันธนะมงคล
245 00 ^aจริยธรรมทางการพยาบาล/^cกนกวรรณ ฉันธนะมงคล
250    ^aพิมพ์ครั้งที่ 3
260    ^aกรุงเทพฯ :^bจุฬาลงกรณ์มหาวิทยาลัย,^c2565
300    ^a292 หน้า :^bภาพประกอบ ;^c21 ซม.
650  7 ^aจรรยาบรรณพยาบาล
650  7 ^aการพยาบาล ^xแง่ศีลธรรมจรรยา
650  7 ^aจรรยาบรรณ
945    ^p210^l0^i29770
945    ^p210^l0^i29771
999    ^aกัณชพร จุลอักษร
รายการนี้ยังไม่มีแท็ก
คุณยังไม่ได้ล็อกอิน คุณสามารถมีกิจกรรมร่วมกับเว็บไซต์ได้ แต่ต้องล็อกอินก่อน ::
  ล็อกอิน

รายการสื่อสารสนเทศ

ลำดับที่ ประเภท เลขเรียก/บาร์โค้ด สถานที่ สถานะ
1. หนังสือสำรอง
หนังสือสำรอง
WY85 ก125จ ฉ.1 
  Barcode: 29770
ห้องสมุดวิทยาเขตนครสวรรค์
►หนังสือทั่วไป:l:General Books
บนชั้น
2. วิทยาศาสตร์การแพทย์ และสุขภาพ
วิทยาศาสตร์การแพทย์ และสุขภาพ
WY85 ก125จ ฉ.2 
  Barcode: 29771
ห้องสมุดวิทยาเขตนครสวรรค์
►หนังสือทั่วไป:l:General Books
บนชั้น

รายการใกล้เคียง
    ผู้แต่ง [กนกวรรณ ฉันธนะมงคล]

    หัวเรื่อง [จรรยาบรรณพยาบาล]
    หัวเรื่อง [จรรยาบรรณ]

BibComment


ยังไม่เคยถูกคอมเมนท์

คอมเมนท์ทรัพยากรรายการนี้
  คอมเมนท์: จริยธรรมทางการพย..


 Copyright 2026. Bcnsprnw @Library